• 首页
  • 本馆介绍
  • 公告通知
  • 最新文献
  • 馆藏检索
  • 电子资源
  • 读者导购
  • 参考咨询
  • 我的图书馆
  • 登录
  • 详细信息显示
  • 放入我的书架
  • 预约/预借图书
  • 作者相关作品
  • 分类相关作品
  • 丛书相关作品
  • 出版社相关作品

书目信息

  • 表格格式
  • 工作单格式
  • 卡片格式
题名:
小氮肥厂催化剂使用维护规程
    
 
作者: ;化学工业部化肥司 颁布
分册:  
出版信息: 北京   化学工业出版社  1982
页数: 18页
开本: 19cm
丛书名:
单 册:
中图分类: T-652.6
科图分类:
主题词: 氮肥--催化剂--使用--中国--规程 , 催化剂--氮肥--使用--中国--规程 , 工业技术--规程 , 工业技术--标准
电子资源:
ISBN:
000 00838sam0 2200277 45 hua
001 0633709339
002 0195049753
005 20060809092219.39
010    @dCNY0.10
091    @a15063.3420
100    @a19950704d1982 kmey0chiy0121 ea
101 0  @achi
102    @aCN@b110000
105    @ay l 000yy
106    @ar
200 10 @a小氮肥厂催化剂使用维护规程@e试行@f化学工业部化肥司颁布@Axiao dan fei chang cui hua ji shi yong wei hu gui cheng
210    @a北京@c化学工业出版社@d1982
215    @a18页@d19cm
606    @a氮肥--催化剂@x使用@y中国@x规程
606    @a催化剂--氮肥@x使用@y中国@x规程
606 0  @a工业技术@x规程
606 0  @a工业技术@x标准
690    @aT-652.6@v3
711 02 @a化学工业部化肥司@Ahua xue gong ye bu hua fei si@4颁布
801  0 @aCN@b上海图书馆 @c20060809
905    @a10447@dT-652.6@e82
    
    小氮肥厂催化剂使用维护规程:试行/化学工业部化肥司颁布.-北京:化学工业出版社,1982
    18页;19cm
    
    
    ISBN :CNY0.10
    
●
相关链接 在E读中查询图书 在五车中查询图书 在当当中查询图书 在豆瓣中查询图书


正题名:小氮肥厂催化剂使用维护规程     索取号:T-652.6/82         预约/预借

序号 登录号 条形码 馆藏地/架位号 状态 备注
1 0451847   204518478   密集书库/ [索取号:T-652.6/82] 在馆    
唐山师范学院图书馆 欢迎您!
大连网信软件有限公司© 版权所有